[Event "Piestany op-B"]
[Site "Piestany"]
[Date "2023.07.18"]
[Round "8"]
[White "Otahal, Kristian"]
[Black "Mullan, Alexander"]
[Result "1/2-1/2"]
[WhiteElo "1128"]
[BlackElo "1000"]
[PlyCount "53"]
[EventDate "2023.07.11"]
[EventType "swiss"]
[EventRounds "9"]
[EventCountry "SVK"]
[SourceTitle "EXT 2024"]
[Source "ChessBase"]
[SourceDate "2023.10.10"]
[SourceVersion "1"]
[SourceVersionDate "2023.10.10"]
[SourceQuality "1"]

1. e4 e6 2. d4 d5 3. exd5 exd5 4. c3 Bd6 5. Nf3 c5 6. Bd3 Nf6 7. 0-0 0-0 8. dxc5 Bxc5 9. Bg5 Qb6 10. Qc2 h6 11. Bxf6 Qxf6 12. Nbd2 Nc6 13. h3 a5 14. Rfe1 b6 15. Nf1 Ba6 16. Bxa6 Rxa6 17. Qd3 Raa8 18. Qxd5 Rad8 19. Qb3 Rfe8 20. Rxe8+ Rxe8 21. Rd1 Ne5 22. N1h2 Nxf3+ 23. Nxf3 Re2 24. Rf1 Qf4 25. Qb5 Rc2 26. Qe8+ Kh7 27. Qb5 1/2-1/2

[Event "SVK-ch U14"]
[Site "Dudince"]
[Date "2023.04.21"]
[Round "7"]
[White "Otahal, Kristian"]
[Black "Cech, Matej2222"]
[Result "1-0"]
[WhiteElo "1162"]
[BlackElo "1370"]
[PlyCount "34"]
[EventDate "2023.04.16"]
[EventType "swiss"]
[EventRounds "9"]
[EventCountry "SVK"]
[SourceTitle "CBM 213 Extra"]
[Source "ChessBase"]
[SourceDate "2023.05.31"]
[SourceVersion "1"]
[SourceVersionDate "2023.05.31"]
[SourceQuality "1"]

1. b3 e5 2. Bb2 Nc6 3. e3 d5 4. Bb5 Bd6 5. f4 Qe7 6. Nf3 Bg4 7. 0-0 Nf6 8. fxe5 Bxe5 9. Bxe5 Bxf3 10. Bxf6 Qxf6 11. Qxf3 Qxa1 12. Qxf7+ Kd8 13. Nc3 Qb2 14. Nxd5 Qe5 15. Rf5 Qd6 16. Qxg7 Re8 17. Nf6 Ne7 1-0

[Event "SVK-ch U14"]
[Site "Stara Lubovna"]
[Date "2022.05.25"]
[Round "6"]
[White "Otahal, Kristian"]
[Black "Kudela, Oliver"]
[Result "0-1"]
[WhiteElo "1000"]
[BlackElo "1344"]
[PlyCount "98"]
[EventDate "2022.05.21"]
[EventType "swiss"]
[EventRounds "9"]
[EventCountry "SVK"]
[SourceTitle "CBM 208 Extra"]
[Source "ChessBase"]
[SourceDate "2022.07.31"]
[SourceVersion "1"]
[SourceVersionDate "2022.07.31"]
[SourceQuality "1"]

1. d4 d5 2. Nf3 Nf6 3. Bf4 Bf5 4. e3 e6 5. Be2 Nbd7 6. c4 c6 7. 0-0 dxc4 8. Bxc4 Nb6 9. b3 Nbd5 10. Bxd5 cxd5 11. Nbd2 Nh5 12. Bg3 Bd6 13. Bxd6 Qxd6 14. Ne5 f6 15. Nf7 Kxf7 16. Qxh5+ Bg6 17. Qe2 h5 18. g3 Rh6 19. Rac1 Rah8 20. h4 Bf5 21. Rfd1 Rg6 22. e4 Bg4 23. Qf1 Bxd1 24. Rxd1 Rc8 25. exd5 Qxd5 26. Qd3 Rg4 27. Nf3 Rd8 28. Rc1 Rd7 29. Rc5 Qe4 30. Qxe4 Rxe4 31. Kg2 g6 32. a4 Ke7 33. b4 Kd8 34. b5 Rc7 35. Nd2 Rxd4 36. Nb3 Rb4 37. Rxc7 Kxc7 38. Nc5 e5 39. f3 Rc4 40. Nd3 Rxa4 41. f4 exf4 42. Nxf4 Rxf4 43. gxf4 a6 44. bxa6 bxa6 45. Kf2 Kd6 46. Ke2 f5 47. Kd2 Kd5 48. Kd3 a5 49. Kc2 Ke4 0-1

[Event "SVK-ch U14"]
[Site "Stara Lubovna"]
[Date "2022.05.23"]
[Round "3"]
[White "Vylet, Martin"]
[Black "Otahal, Kristian"]
[Result "0-1"]
[WhiteElo "1090"]
[BlackElo "1000"]
[PlyCount "26"]
[EventDate "2022.05.21"]
[EventType "swiss"]
[EventRounds "9"]
[EventCountry "SVK"]
[SourceTitle "CBM 208 Extra"]
[Source "ChessBase"]
[SourceDate "2022.07.31"]
[SourceVersion "1"]
[SourceVersionDate "2022.07.31"]
[SourceQuality "1"]

1. e4 e5 2. Nc3 Nc6 3. Nf3 Nf6 4. d3 Bc5 5. Bg5 0-0 6. Nd5 d6 7. Bxf6 gxf6 8. Nh4 Kh8 9. Nf5 Bxf5 10. exf5 Rg8 11. Ne3 Qd7 12. Ng4 Qxf5 13. Nh6 Qxf2# 0-1